<?xml version="1.0" encoding="UTF-8"?>
<collection xmlns="http://www.loc.gov/MARC21/slim">
 <record>
  <leader>03217nam a2200337 a 4500</leader>
  <controlfield tag="001">1/44763</controlfield>
  <controlfield tag="008">140630s2004    us            001 0 eng  </controlfield>
  <datafield tag="020" ind1=" " ind2=" ">
   <subfield code="a">9781932266504</subfield>
  </datafield>
  <datafield tag="020" ind1=" " ind2=" ">
   <subfield code="a">193226650X</subfield>
  </datafield>
  <datafield tag="035" ind1=" " ind2=" ">
   <subfield code="l">47717</subfield>
  </datafield>
  <datafield tag="040" ind1=" " ind2=" ">
   <subfield code="a">OPELS</subfield>
   <subfield code="b">eng</subfield>
   <subfield code="c">OPELS</subfield>
   <subfield code="d">OCLCG</subfield>
   <subfield code="d">OCLCQ</subfield>
   <subfield code="d">ZMC</subfield>
   <subfield code="d">OCLCQ</subfield>
   <subfield code="d">OCLCF</subfield>
   <subfield code="d">GR-PeUP</subfield>
  </datafield>
  <datafield tag="245" ind1="0" ind2="0">
   <subfield code="a">Deploying Citrix MetaFrame presentation server 3.0 with Windows server 2003 terminal services</subfield>
   <subfield code="h">[electronic resource] /</subfield>
   <subfield code="c">Connie S. Wilson ... [et al.].</subfield>
  </datafield>
  <datafield tag="246" ind1="3" ind2="0">
   <subfield code="a">Deploying Citrix MetaFrame</subfield>
  </datafield>
  <datafield tag="246" ind1="1" ind2="8">
   <subfield code="a">Citrix MetaFrame presentation server 3.0</subfield>
  </datafield>
  <datafield tag="260" ind1=" " ind2=" ">
   <subfield code="a">Rockland, MA :</subfield>
   <subfield code="b">Syngress ;</subfield>
   <subfield code="a">Sepastopol, CA :</subfield>
   <subfield code="b">Distributed by O'Reilly Media in the US and Canada,</subfield>
   <subfield code="c">c2004.</subfield>
  </datafield>
  <datafield tag="300" ind1=" " ind2=" ">
   <subfield code="a">1 online resource (xxiv, 567 p.) :</subfield>
   <subfield code="b">ill.</subfield>
  </datafield>
  <datafield tag="520" ind1=" " ind2=" ">
   <subfield code="a">Almost 100% of all Fortune 500 and Fortune 1000 companies use Citrix. This book covers the new release to Citrix MetaFrame and how companies can deploy it in their disaster recovery plans. Server Based Computing has been established as a solid networking model for any size business. Why? Because it guarantees cost savings, fast deployment, scalability, performance, security and fast recoverability. Think &quot;mainframe,&quot; but updated, pretty, shiny, and effective! Server based computing is the mainframe with a vengeance. Terminal Server and Citrix MetaFrame offer the advantages of the old mainframe coupled with the benefits, gadgets, and appeal of the personal computer. * Manage applications from a central location and access them from anywhere * Build scalable, flexible, and secure access solutions that reduce computing costs and increase the utility of your network * The first book that covers Citrix MetaFrame Presentation Server 3.0 and Windows Server 2003 Terminal Services.</subfield>
  </datafield>
  <datafield tag="505" ind1="0" ind2="0">
   <subfield code="t">Introduction to Microsoft Windows Server 2003 and Terminal Services --</subfield>
   <subfield code="t">Introduction to Citrix MetaFrame Presentation Server 3.0 --</subfield>
   <subfield code="t">Installation Planning and Requirements --</subfield>
   <subfield code="t">Upgrade and Migration Strategies for Citrix MetaFrame --</subfield>
   <subfield code="t">Installing and Configuring Your Windows 2003 Server --</subfield>
   <subfield code="t">Installing and Configuring MetaFrame Presentation Server 3.0 --</subfield>
   <subfield code="t">Client Configuration --</subfield>
   <subfield code="t">Printing --</subfield>
   <subfield code="t">Network and Firewall Configuration --</subfield>
   <subfield code="t">Citrix MetaFrame Password Manager --</subfield>
   <subfield code="t">Security and Load Management --</subfield>
   <subfield code="t">Configuring Policies (Group Policies and Citrix Policies) --</subfield>
   <subfield code="t">Server Cloning and Other Disaster Recovery Techniques --</subfield>
   <subfield code="t">Day-to-Day Administration --</subfield>
   <subfield code="t">Troubleshooting and Helpdesk --</subfield>
   <subfield code="t">Network Management and Resource Monitoring --</subfield>
   <subfield code="t">MetaFrame Access Suite Licensing.</subfield>
  </datafield>
  <datafield tag="500" ind1=" " ind2=" ">
   <subfield code="a">Includes index.</subfield>
  </datafield>
  <datafield tag="630" ind1="0" ind2="0">
   <subfield code="a">Citrix MetaFrame.</subfield>
   <subfield code="v">Handbooks, manuals, etc.</subfield>
  </datafield>
  <datafield tag="630" ind1="0" ind2="0">
   <subfield code="a">Microsoft Windows server.</subfield>
   <subfield code="v">Handbooks, manuals, etc.</subfield>
  </datafield>
  <datafield tag="650" ind1=" " ind2="4">
   <subfield code="a">Client/server computing</subfield>
   <subfield code="v">Handbooks, manuals, etc.</subfield>
  </datafield>
  <datafield tag="630" ind1="0" ind2="4">
   <subfield code="a">Citrix MetaFrame.</subfield>
  </datafield>
  <datafield tag="630" ind1="0" ind2="4">
   <subfield code="a">Microsoft Windows server.</subfield>
  </datafield>
  <datafield tag="655" ind1=" " ind2="4">
   <subfield code="a">Electronic books.</subfield>
  </datafield>
  <datafield tag="655" ind1=" " ind2="4">
   <subfield code="a">Handbooks, manuals, etc.</subfield>
  </datafield>
  <datafield tag="700" ind1="1" ind2=" ">
   <subfield code="a">Wilson, Concepciβon S.</subfield>
   <subfield code="q">(Concepciβon Shimizu),</subfield>
   <subfield code="d">1940-</subfield>
  </datafield>
  <datafield tag="852" ind1=" " ind2=" ">
   <subfield code="a">INST</subfield>
   <subfield code="b">UNIPILB</subfield>
   <subfield code="c">EBOOKS</subfield>
   <subfield code="e">20140630</subfield>
   <subfield code="p">00b47717</subfield>
   <subfield code="q">00b47717</subfield>
   <subfield code="t">ONLINE</subfield>
   <subfield code="y">0</subfield>
  </datafield>
  <datafield tag="856" ind1="4" ind2="0">
   <subfield code="3">ScienceDirect</subfield>
   <subfield code="u">http://www.sciencedirect.com/science/book/9781932266504</subfield>
  </datafield>
  <datafield tag="856" ind1="4" ind2=" ">
   <subfield code="d">/webopac/covers/03/47717_9781932266504.jpg</subfield>
  </datafield>
  <datafield tag="856" ind1="4" ind2=" ">
   <subfield code="d">/webopac/covers/03/47717_193226650X.jpg</subfield>
  </datafield>
 </record>
</collection>
